| 000 | 00923nas a2200301 4500 | ||
|---|---|---|---|
| 001 | BR0703167 | ||
| 003 | BR-BrBNA | ||
| 005 | 20231205110842.0 | ||
| 007 | ta | ||
| 008 | 230509b bl.|||p| |||| 00| 00por d | ||
| 040 |
_aBR-BrBNA _bpor _cBiblioteca Nacional de Agricultura |
||
| 041 | _a(En, Pt) | ||
| 072 | _aP01; K70; U40 | ||
| 100 | 1 | _aLeal, F.A. | |
| 100 | 1 | _aRamos-Neto, M.B. | |
| 100 | 1 | _aMachado, R.B. | |
| 245 | 1 | _aAvaliação do desmatamento após a interrupção do processo de criação de áreas protegidas em Goiás | |
| 650 | _aFLORESTA | ||
| 650 | _aDESMATAMENTO | ||
| 650 | _aPARQUE ESTADUAL | ||
| 650 | _aPOLÍTICA AMBIENTAL | ||
| 650 | _aBIODIVERSIDADE | ||
| 650 | _aSENSORIAMENTO REMOTO | ||
| 650 | _aGOIÁS | ||
| 773 | 0 |
_tNatureza e Conservação (Brazil) _xISSN 1679-0073 _g(Apr 2007), v. 5(1) p. 54-64 _wBR0703167 |
|
| 909 |
_a202311 _bLúcia _c55 _dLúcia Elande |
||
| 942 |
_2AGRIS _n0 _cANA |
||
| 999 |
_c189427 _d189427 |
||